[Event "American Continental 3rd"]
[Site "Buenos Aires"]
[Date "2005.08.15"]
[Round "10"]
[White "Dominguez Perez, Leinier"]
[Black "Shulman, Yuri"]
[Result "1/2-1/2"]
[WhiteElo "2639"]
[BlackElo "2550"]
[Annotator "Psakhis,L"]
[PlyCount "92"]
[EventDate "2005.08.06"]
[EventType "swiss"]
[EventRounds "11"]
[EventCountry "ARG"]
[SourceTitle "CBM 109"]
[Source "ChessBase"]
[SourceDate "2005.11.14"]
[SourceVersion "1"]
[SourceVersionDate "2005.11.14"]
[SourceQuality "1"]

1. e4 e6 2. d4 d5 3. Nc3 Bb4 4. e5 c5 5. a3 Bxc3+ 6. bxc3 Ne7 7. Qg4 cxd4 8.
Qxg7 Rg8 9. Qxh7 Qc7 10. Ne2 Nbc6 11. f4 Bd7 12. Qd3 dxc3 13. Rb1 (13. Qxc3 $5)
(13. Nxc3 $5) 13... O-O-O 14. Nxc3 Na5 15. g3 {This move is not bad at all,
but it looks like White should play more energetically in order to reach a
advantage. Worth considering is:} (15. Nb5 {for example:} Bxb5 16. Qxb5 $5 (16.
Rxb5 Kb8 (16... Nf5 17. g3 Nc4 (17... Rh8 $5) (17... Kb8) 18. Bh3 $5 Qd7 $6 (
18... Qc6 $5 {/\ d4}) 19. Rb4 Kb8 20. O-O Rc8 21. Rd1 $16 {1-0 Rodriguez,A 
(2555)-Larrosa,J (2325)/Orense 1997/EXT 99/}) (16... Nc4 17. g3 a6 18. Rb3 Qc5
19. Be3 Nxe3 20. Qxe3 d4 21. Qd3 Nd5 22. Qc4 Qxc4 23. Bxc4 Ne3 24. Bd3 Rh8 25.
h4 Rhg8 26. Kf2 Rg7 {1-0 Souleidis,G (2382)-Kokolias,K (2127)/Ikaros op 2003/
The Week in Chess 454 (60)}) 17. Qd2 (17. Be3 $5) 17... Nc4 18. Qf2 d4 (18...
Nxa3 $2 19. Rc5 $18) 19. Rb3 (19. Bd3 $2 Qc6 $1) 19... Nf5 (19... Nd5 $142 $1
$44 {with double eged game.}) 20. Bd3 Qa5+ (20... Nfe3 21. Be4 Na5 $13) 21. Ke2
Qd5 22. Rg1 Nfe3 23. Qf3 Na5 24. Rb5 $16 {1-0 Rodriguez,A (2515)-Paredes,E/
Mondariz op 1994/ChessBase (34)}) 16... Qxc2 $5 17. Bd2 Qe4+ 18. Kd1 $146 a6 $8
19. Qb6 $6 (19. Qb4 $5 Qxb4 20. Bxb4 Nec6 21. Bc5 Nc4 22. g3 $13) 19... Qa4+
20. Ke1 $36 {0-1 Xu Jun (2626)-Zhang Zhong (2658)/China (36)}) ({Other moves
are not very dangerous for Black, for instance} 15. Rg1 Kb8 16. g4 Ng6 17. Nb5
Bxb5 18. Qxb5 Nc4 19. Rg3 Ka8 20. a4 Rd7 21. Rbb3 a6 22. Qb4 Rc8 $44 {0-1
Sanden,S-Schulman,J/Rilton Cup 1997 (31)}) ({or} 15. h3 Kb8 16. Ne2 Nec6 17. g4
Nc4 18. Qc3 Be8 19. g5 Qe7 20. h4 Qc5 21. h5 d4 $36 {1/2-1/2 Timoshenko,
G-Poldauf,D/Cairo-B 1997 (29)}) 15... Kb8 16. Nb5 (16. Ne2 Ba4 17. Nd4 {
and after, for example} (17. c3 $6 {A dubious move!} Nf5 (17... Bb3 $5) (17...
Bb3 $5) 18. Bh3 $6 {Allows a breakthrough in the centre of the board. Maybe it
was better to play} (18. Nd4 Nxd4 19. Qxd4 Bc2 20. Rb2 Nb3 21. Qe3 (21. Qb4 a5
$1 22. Qb5 Qxc3+ 23. Kf2 Qd4+ 24. Ke1 (24. Be3 Qxb2) 24... Qe4+ 25. Kf2 Qxh1
$19) 21... Be4 (21... d4 $5) 22. Rg1 Nxc1 23. Qxc1 Qc5 {'-+' Kortschnoj.} 24.
Rf2 d4 $36) 18... d4 $1 {0-1 Svidler,P (2713)-Ivanchuk,V (2714)/Linares 1999/
CBM 70/[Psakhis,L (39) White needs good advice after this typical move.}) 17...
Rc8 (17... Nf5 18. Rb4 (18. Be3 b6 19. Nxf5 Bxc2 20. Rc1 Bxd3 21. Rxc7 Kxc7 22.
Bxd3 exf5 23. Bxf5 $44) (18. Nb3 {Kortschnoj} Rc8 {Black would have had a very
active position anyway.}) 18... Nxd4 19. Rxa4 Nxc2+ 20. Kd1 Rc8 21. Bd2 Nc4 22.
Rxc4 dxc4 23. Qxc2 Qc6 24. Rg1 c3 25. Bc1 Qb6 $132 {1/2-1/2 Pedzich,D-Pupo,E/
Santiago Wch-jr 1990 (31)}) 18. Bd2 Nec6 (18... Nc4 19. Rb4 Nxd2 20. Qxd2 Qd7
21. Ba6 Rc7 22. O-O Ka8 23. Bd3 Rgc8 24. Qe2 Rc3 25. Rfb1 $16 {1-0 Kovalev,A 
(2500)-Djurhuus,R (2405)/Gausdal International 1990/ChessBase (43)}) 19. Nb5
Bxb5 20. Qxb5 Nc4 21. Qc5 Qd7 22. Qf2 Nxa3 $36 {1/2-1/2 Kokkila,T-Norri,J/
Espoo KvT 1987 (29)}) 16... Bxb5 17. Rxb5 Rc8 (17... Nc4 18. Be2 a6 19. Rb3 Qc5
20. Be3 Nxe3 21. Qxe3 d4 22. Qd3 Rd7 23. O-O Nd5 24. Kh1 Ne3 25. Rf2 Nxc2 26.
Bf3 $40 {1-0 Reinaldo Castineira,R (2400)-Cooke,E (2220)/Padron op 2002/ (48)})
18. Be3 (18. Bd2 Nc4 19. Bg2 Qc6 20. Rb3 Nf5 21. O-O Nxd2 22. Qxd2 Qxc2 23. Qb4
b6 $11 {0-1 Carlsson,D-Antonsen,M/Hallsberg jr 1993 (53)}) 18... b6 $146 (18...
Nc4 19. Bf2 (19. Rc5 Qd7 20. Rxc8+ Rxc8 21. Bd2 Qc6 22. Bb4 Nf5 {0-1 Santarem,
L-Haugen,A/corr 1986/ChessBase}) 19... Qc6 20. Rc5 Qa6 21. Be2 Rxc5 22. Bxc5
Qa5+ 23. Bb4 $18 {1-0 Areshchenko,A (2570)-Williams,S (2485)/Coventry op 2005/
(32)}) 19. Bc5 (19. Be2 $5 Qxc2 20. Bd2 Qxd3 21. Bxd3 Nc4 $13) 19... Nf5 (19...
Nb7 20. Bxe7 Qxe7 21. Be2 $14) 20. Bh3 (20. Be2 Nc4 $44 {[%csl Gc4,Gf5]}) 20...
Nb7 {Both opponents play very inventively and now a very sharp position has
arisen.} 21. Bf2 (21. Bg1 $5 Qxc2 22. Qxc2 Rxc2 23. Bxf5 exf5 24. Rxd5) 21...
Qxc2 22. Qxc2 Rxc2 23. O-O (23. Bxf5 $2 Rc1+ $19) 23... Nh4 (23... Ne7 $13) 24.
Rb3 (24. f5 $6 Nf3+ 25. Kg2 Nd2 26. Re1 Ne4 $36) (24. Bd4 Rd2 $132) 24... Na5 {
[%cal Oa5b3,Ga5c4]} 25. Rd3 Nc4 {[%csl Gc4,Gh4]} 26. g4 {Perhaps this move is
too ambitious.} (26. Kh1 Ng6 (26... Nb2 $5 27. Rb3 Nf5 28. Bxf5 exf5 $132))
26... Ng6 (26... Rh8 $5) 27. Bg3 Nd2 $5 $36 28. Rf2 (28. Re1 Ne4) 28... Rc1+
29. Kg2 Ne4 30. Re2 (30. f5 Nxf2 31. Kxf2 Ne7 32. fxe6 fxe6 $17) 30... Rh8 (
30... Rgc8 {[%cal Cf4f5,Cf5g6,Gc8c3]}) 31. f5 Nh4+ (31... Nxg3 32. hxg3 Ne7 33.
fxe6 $5 fxe6 34. g5 $1 $13) 32. Bxh4 Rxh4 33. fxe6 fxe6 34. Rxe4 $8 {A
desperate attempt to complicate things, which ends in a full success.} (34.
Ree3 Rc2+ 35. Kg1 Nf2 $19) (34. Rb3 Ng5 {[%csl Rg4,Rh3]}) 34... dxe4 35. Re3 {
[%csl Gg4,Gh2]} Rh8 $2 {After this inaccuracy the win becomes problematic.} (
35... Rd1 $142 $1 {[%cal Cg2g3,Cg3h4,Rd1d3]} 36. Kg3 Rh8 37. g5 Rd3 38. Rxd3
exd3 39. Bg4 d2 40. h4 Kc7 41. g6 Rf8 $3 42. h5 $140 Rf5 $1 43. Bd1 (43. g7 Rg5
$19) 43... Kd7 $19) 36. Kg3 Rd8 37. Bg2 $1 {An important resource which allows
White to avoid difficulties.} Rd3 38. Kf4 Rxe3 (38... Rd2 39. Bxe4 Rxh2 40. Kg5
$5 {[%csl Gg4,Gg5]}) 39. Kxe3 Rc2 (39... Rg1 $5 40. Kf2 Ra1 41. h4 (41. g5 Ra2+
42. Kg1 e3 43. Bf3 e2 44. Kf2 e1=Q+ 45. Kxe1 Rxh2 46. g6 {[%csl Gg6]}) 41...
Ra2+ 42. Kg3 e3 43. Bf3 $132) 40. Bxe4 Rxh2 41. g5 {[%csl Gg5]} Rh8 42. Kf4 (
42. g6 Rf8 $1 {[%cal Gf8f1]}) 42... Kc8 43. g6 Kd7 44. Kg5 Rg8 $8 (44... Ke7
45. g7 Rd8 46. Kg6 $18) 45. Kh6 Rh8+ 46. Kg5 Rg8 $1 1/2-1/2

[Event "American Continental 3rd"]
[Site "Buenos Aires"]
[Date "2005.08.13"]
[Round "8"]
[White "Dominguez Perez, Leinier"]
[Black "Rojas Keim, Luis Alberto"]
[Result "1-0"]
[WhiteElo "2639"]
[BlackElo "2437"]
[Annotator "Psakhis,L"]
[PlyCount "61"]
[EventDate "2005.08.06"]
[EventType "swiss"]
[EventRounds "11"]
[EventCountry "ARG"]
[SourceTitle "CBM 109"]
[Source "ChessBase"]
[SourceDate "2005.11.14"]
[SourceVersion "1"]
[SourceVersionDate "2005.11.14"]
[SourceQuality "1"]

1. e4 e6 2. d4 d5 3. Nc3 Bb4 4. e5 c5 5. a3 Bxc3+ 6. bxc3 Qa5 7. Bd2 Qa4 8. Nf3
(8. c4 $6 Nc6 9. dxc5 Nge7 $44) 8... Nc6 ({I would prefer} 8... b6 $5 {with
the possible continuation} 9. Qb1 (9. Be2 Ba6 10. O-O Nd7 11. Bxa6 Qxa6 12. Ng5
h6 13. Qh5 g6 14. Qh3 Ne7 15. a4 Qc4 16. Nf3 Nf5 17. g4 Ne7 18. Ra3 Nc6 {
Mork,K-Williams,S/Hampstead IM-B 1999/0-1 (52)}) (9. dxc5 bxc5 10. c4 Ne7 (
10... Ba6 11. cxd5 Bxf1 12. Kxf1 exd5 13. h4 Ne7 14. h5 h6 15. Rh4 Qc6 16. Qe2
Nd7 17. Re1 Qe6 18. g4 Rb8 19. g5 Rb6 20. Kg2 Nf8 21. Rf4 Nh7 22. gxh6 gxh6 23.
Kh2 Rg8 {0-1 Browne,W (2455)-Ibragimov,I (2585)/USA-ch San Diego 2004/ (48)})
11. cxd5 exd5 12. c4 Qxd1+ 13. Rxd1 d4 14. Bd3 Nbc6 15. Rb1 Bg4 16. Be4 Rc8 17.
Bf4 O-O 18. O-O Ng6 {Smith,A-Lalic,S/BCF t-ch 0001 2001/ 0-1 (34)}) (9. Bd3 Ba6
10. O-O (10. dxc5 $6 {Other continuations: 10.0-0, 10.Ng5, and 10.Ba6 don't
promise White an advantage either. With the text White stakes on the attack,
but the game shows that Black has sufficient resources to neutralize White's
initiative.} bxc5 11. O-O Ne7 12. Rb1 $6 {Instead White probably had to launch
play at the kingside.} (12. Ng5 h6 13. Nh3 (13. Qh5 $6 g6 14. Qh3 c4 15. Qh4 (
15. Be2 Qxc2) 15... Nd7 16. Nf3 Bb5 $1)) 12... Nd7 13. Re1 (13. Qe2 $4 c4)
13... h6 (13... O-O {can't be refuted by means of} 14. Bxh7+ Kxh7 15. Ng5+ Kg8
16. Re4 Qxe4 $1 {but 13...h6 is more flexible.}) (13... O-O 14. Ng5 h6 15. Nh3)
14. Bxa6 Qxa6 15. Nh4 Qa4 $1 {[%cal Gd7b6,Gb6c4] Black nips any attempt of
White to organize a play on the kingside.} (15... Qxa3 16. Qg4 $44) 16. g3 Nb6
17. Ng2 Nc4 18. Nf4 O-O 19. Bc1 Rab8 20. Ra1 Qa5 21. Bd2 (21. Qd3 Nc6 $19)
21... d4 $1 $19 {[%csl Rc3,Rd2][%cal Gf8d8,Gd8d1,Gd4c3,Ga5d2,Gc4d2]} 22. Re4
Rfd8 23. Nd3 Nxd2 24. Qxd2 Nf5 25. Rd1 dxc3 26. Qc1 Rd4 27. Rde1 Rbd8 28. Kg2
Qb6 29. Rxd4 Rxd4 30. Qb1 Qc6+ 31. f3 c4 32. Nf2 Rd2 33. Qb8+ Kh7 34. Qxa7 Rxc2
35. Re4 Rd2 36. Kh3 c2 37. Ng4 Qxe4 (37... c1=Q 38. Nf6+ gxf6 39. Qxf7+ Ng7 $19
) 38. fxe4 c1=Q 39. exf5 Qf1+ 40. Kh4 Qxf5 41. Nf6+ Kg6 {0-1 Petrushin,A (2425)
-Totsky,L (2490)/RUS t-ch 1998/CBM 66/[Atlas,V]}) 10... Bxd3 11. cxd3 Qxd1 12.
Rfxd1 Nd7 13. dxc5 Nxc5 14. Be3 Na4 15. Rdc1 Ne7 16. c4 Kd7 17. Rab1 Rac8 18.
Ng5 f6 19. Nf7 Rhf8 20. Nd6 Rc6 21. exf6 gxf6 22. Nb5 Ra8 23. Rb4 Nc5 24. cxd5
exd5 {1-0 Nurkiewicz,M (2390)-Socko,B (2550)/POL Supercup Warsaw 2004/EXT 2005
(58)}) (9. h4 Ba6 10. h5 Nc6 (10... h6 11. Rh4 $14 {Bologan,V}) 11. Rh4 Bxf1
12. Kxf1 h6 13. dxc5 Qa6+ 14. Kg1 bxc5 15. c4 d4 16. c3 dxc3 17. Be3 Rd8 18.
Qb3 Qa5 19. Qb5 Qxb5 20. cxb5 c2 21. Rf1 Na5 22. Ra4 Nb3 23. Rc4 Ne7 {1-0
Stopa,J (2334)-Szoen,D (2465)/POL-ch B20 Sroda Wlkp 2005/ (34)}) (9. c4 $5 Ba6
(9... dxc4 10. dxc5 bxc5 11. Ng5 $5 $44) 10. cxd5 Bxf1 11. Kxf1 exd5 12. h4 $5
$146 (12. dxc5) 12... Ne7 $6 (12... Nc6 $142 13. dxc5 bxc5 14. h5 Nge7 $13) 13.
h5 Nf5 (13... cxd4 $5) 14. h6 Rg8 (14... cxd4 $142) 15. c3 $1 Qc4+ 16. Qe2
Qxe2+ 17. Kxe2 cxd4 18. cxd4 Nc6 19. Kd3 $16 {Kovalev,A (2540)-Hasangatin,R 
(2517)/Karvina 88/(270) 2003/Informat 88/[Kovalev,A]}) 9... Ba6 {It's clear
that the exchange of the light-squared bishops is favourable for Black.} 10.
Bxa6 (10. Qb3 Qd7 $5 (10... Qxb3 11. cxb3 Bxf1 12. Rxf1 (12. Kxf1 Ne7) 12... f6
13. O-O-O Nd7 14. Rfe1 Kf7 15. Re2 Rc8 16. Kb2 Ne7 17. h4 Nc6 {Leppala,J-Kekki,
J/FIN t-ch 1989/1-0 (52)}) 11. Bxa6 Nxa6 12. a4 Nc7 13. Be3 Qc6) 10... Qxa6 11.
a4 {[%cal Gb1b5]} Qc8 (11... Ne7 12. Qb5+ Nec6 13. dxc5 bxc5 14. c4 $1 $36) (
11... Nd7 12. Qb5 Qc8) (11... Nd7) 12. Qb5+ (12. O-O $5) (12. a5 Nd7 13. axb6
axb6 14. Rxa8 Qxa8 15. O-O Ne7 $11) 12... Nd7 13. O-O Ne7 $11 14. Qd3 {[%cal
Gf3g5]} h6 $1 15. Nh4 {[%cal Gf2f5]} cxd4 (15... O-O 16. f4 f6 $5) 16. cxd4 Qc4
17. Qxc4 (17. Qg3 Qxd4 18. Nf3 $140 Qe4) 17... dxc4 {[%csl Gd5] 0-1 Macieja,B 
(2607)-Jacimovic,D (2469)/EU-Cup Halkidiki 2002/CBM 92/[Psakhis,Jacimovic] (48)
}) (8... c4 $5 {is another popular option.} 9. h4 (9. g3 Ne7 10. Bh3 Nbc6 11.
O-O Bd7 12. Nh4 O-O-O 13. f4 Nf5 14. Ng2 h5 15. Ne3 g6 16. Bg2 Kb8 17. Bf3 Bc8
$11 {Gunnarsson,J-Psakhis,L/Torshavn op 2000//0-1 (51)}) 9... Nc6 10. h5 h6 11.
g3 $146 {This is a novelty in this position, although the idea is not new at
all.} (11. Nh4 Nge7 12. g4 (12. Rh3 $5 Bd7 13. Rf3) 12... Bd7 13. Bg2 O-O-O 14.
O-O g5 15. Nf3 Rdf8 $132 {Roiz Baztan,D-Fernandez Diaz,I/Asturias t-ch 2003/
1-0 (42)}) 11... Bd7 12. Bh3 O-O-O 13. Bf4 {'+/=!' '[#5Ee5]'} Nge7 (13... g5
14. hxg6 fxg6 15. Bg2 $14 (15. Bg4 Rf8 16. Qd2)) 14. Qd2 Rdf8 15. Nh4 {[%cal
Gh4g2,Gg2e3] A space advantage gives White better chances, nevertheless
Black's position is still fairly solid.} Rh7 (15... Qa5 $142 $5 {[%cal Gg7g5]})
16. Ng2 Kb8 {1-0 Bologan,V (2650)-Roiz,M (2554)/EU Cup Rethymnon 2003/CBM 98/
[Psakhis,Bologan] (31)} (16... Nf5 17. g4) (16... g5 $5 17. hxg6 fxg6 18. Bxh6
$140 $4 Rfh8 $19) (16... f6 17. Nh4 fxe5 18. dxe5 Rhh8 19. O-O $14)) 9. dxc5 $1
Qe4+ (9... f6 $5 10. Nd4 (10. Rb1 $5 fxe5 11. Bb5 Qe4+ 12. Qe2 $5 $13 (12. Be3
Bd7 13. O-O Nf6 14. Bd3 Qg4 15. Be2 Qg6 16. Rxb7 O-O 17. Bb5 e4 18. Nd4 Ne5 19.
Bxd7 Nfxd7 20. c6 Nc5 21. Rb5 Na4 22. Rb3 Nb6 {0-1 Socko,B-Koutsin,S/
Frydek-Mistek opA 1997/ChessBase (42)})) (10. exf6 Nxf6 11. c4 O-O 12. c3 Qa5
13. cxd5 exd5 14. c4 Qxc5 15. Be3 Re8 16. Be2 Rxe3 17. fxe3 dxc4 18. Nd4 Bd7
19. O-O Re8 20. Rc1 b5 21. Kh1 a6 22. a4 Ne5 23. axb5 axb5 24. Nc2 Bc6 25. Qd4
Qe7 {1/2-1/2 Sanikidze,T (2250)-Rodshtein,M (2344)/EUR-ch B14 Budva 2003/ (42)}
) 10... Nxd4 11. cxd4 {[1]} Qxd4 12. Bb5+ Kf7 (12... Bd7 $2 $146 13. Bxd7+ Kxd7
14. O-O $36 {'!'} Ne7 $5 (14... Qxe5 $6 15. Re1 $32) 15. exf6 gxf6 16. Rb1 Rab8
17. Rb4 $1 Qxc5 18. Be3 Qa5 19. c4 $5 (19. Qf3 $5) (19. Qf3 $5) 19... b5 $2 (
19... Qxa3 $1 20. Bc5 Qa5 21. Rb5 Qa6) 20. cxb5 Rxb5 21. Ra4 Qc7 22. Rxa7 Rb7
23. Qa4+ Nc6 24. Ra6 $1 $18 (24. Ra6 $1 $18) 24... Qd6 25. Rc1 Rc8 26. h3 Rbc7
27. Bb6 Rb7 28. Ba5 Qe5 29. Bb4 Rbc7 30. Ba5 Qb2 31. Rc2 Qd4 32. Kh2 Qe5+ 33.
g3 Qd6 34. Bxc7 Rxc7 35. Qh4 Qe7 36. Qf4 Qd8 37. Qa4 {1-0 Kovalev,A (2490)
-Mihajlovskij,S (2355)/Minsk 78/(314) 2000/ChessBase/[Kovalev,A]}) 13. exf6 {
[5]} (13. O-O Qxe5 14. Re1 (14. Rb1 Ne7 15. Bd3 h5 16. Qf3 Qc7 17. c4 d4 18.
Rfe1 e5 19. Be4 Rb8 20. Bd5+ Be6 21. Rxe5 Qxe5 22. Re1 Qxe1+ 23. Bxe1 Rbd8 24.
Bxb7 Bxc4 25. Qf4 Bd5 26. Ba6 Be6 {1-0 Pavlovic,M-Maksimovic,B/Vrsac op 2000/
(41)}) 14... Qc7 (14... Qd4 $6 15. Qe2 {/\ Rad1}) 15. c4 d4 16. Qh5+ g6 17. Qh4
Ne7 18. Qxd4 Rd8 $1 $146 (18... Nf5 19. Qe4 Rd8 20. Bc3 e5 21. c6 Nd4 22. Qh4
h5 23. f4 $36) 19. Qh4 h5 (19... Rxd2 $2 20. Qxh7+ Kf8 21. Qh6+ $18) 20. Rad1
Nf5 (20... e5 $2 21. f4 $40) 21. Qe4 e5 22. Bc3 Be6 {0-1 Zezulkin,J (2465)
-Koutsin,S (2440)/Czech 1997/ [Koutsin,S] (61)} (22... Be6 $11)) 13... Nxf6 14.
O-O {[11]} Qxc5 15. Rb1 {[3] [0.34] [A new move in this position, which I
think is entirely logical.]} Rd8 16. Bg5 {[3]} d4 $2 {[After this, White gets
real ~/= for the P]} (16... e5 $142 17. Bxf6 gxf6 18. Bd3 (18. Qh5+ Kg8) 18...
Kg8 $13) 17. Bxf6 {[5]} Kxf6 (17... gxf6 18. Bd3 Kg8 19. Qf3 $44) 18. Bd3 {[4]}
g6 19. Rb5 $44 {[3]} Qxa3 $2 (19... Qe7 20. Qf3+ Kg7 21. Re1 $44) 20. Qf3+ {
[10] [0.59]} Kg7 21. h4 $1 Qf8 (21... Qd6 22. h5 Rf8 23. Qe4 a6 24. Re5 Rf5 25.
f4) 22. Qg3 {1-0 Saravanan,V (2428)-Singh,G (2278)/IND-chB Nagpur 2001/
ChessBase/[Saravanan,V] (36)}) (9... Nge7 10. Bd3 Na5 11. O-O Nc4 12. Nd4 Bd7
13. f4 Rc8 14. Rb1 O-O 15. Rxb7 Nxd2 16. Qxd2 Rxc5 17. f5 Nxf5 18. Bxf5 exf5
19. g4 Bc8 20. Rb4 Qxa3 21. Rb3 Qa5 22. gxf5 f6 23. e6 Ba6 24. Re1 Re8 25. Rb4
Re7 26. Nb3 {1-0 Karlsson,K-Lohage,A/Stockholm 1993/ChessBase}) 10. Be3 (10.
Be2 Nxe5 11. O-O Nxf3+ 12. Bxf3 Qa4 13. Re1 Ne7 14. Rb1 O-O 15. Bc1 Nc6 16. Qd3
Qa5 17. Rb5 Qc7 18. Qe3 Bd7 19. Rb1 Rad8 20. Qg5 f6 21. Qh4 Ne5 22. Re3 Nxf3+
23. Rxf3 e5 24. Qb4 Bc8 {Olszewski,M (2131)-Totsky,L (2495)/ 2001/ 0-1 (39)})
10... Nxe5 11. Nxe5 Qxe5 12. Bb5+ Kf8 $146 {A new move, which actually doesn't
change the assessment of this line as clearly favourable for White.} (12... Bd7
13. Bxd7+ Kxd7 14. O-O Nf6 (14... Ne7 15. Rb1 Qc7 16. c4 Ke8 17. cxd5 Nxd5 18.
Qf3 Rb8 19. c4 Ne7 20. Rfd1 f6 21. Rd6 Kf7 22. Rbd1 Rbd8 23. h4 Nc6 24. Qh5+ g6
25. Qh6 Rxd6 26. cxd6 Qd7 27. Qf4 e5 28. Qe4 Qe6 29. Bxa7 {Struk,J (2270)
-Fiodorov,M (2352)/Bydgoszcz op 1999/ChessBase/1-0 (38)}) 15. Rb1 Qc7 16. c4
Ke7 17. Qf3 Rad8 18. cxd5 Rxd5 19. c4 Rd2 20. c6 Qxc6 21. Qxc6 bxc6 22. Bc5+
Ke8 23. Rb8+ Rd8 24. Rb7 Ne4 25. Be3 Nd6 26. Rxa7 Nxc4 27. Rb1 {Manca,F (2380)
-Martinez Martin,D (2285)/Montecatini op 1998/ChessBase/1-0}) 13. O-O (13. Qd4
$14) 13... Nf6 (13... Ne7 $5 {[%cal Oe5c3,Ge7f5]}) 14. c4 $1 {Exploiting
Black's mistake White starts an attack without delay.} a6 15. Ba4 Qc7 (15...
Qe4 $5 16. Rb1 $5 Qxc4 $140 17. Bb3 Qh4 18. c4 $36 {[%csl Rf8]}) 16. Rb1 $1 (
16. cxd5 $5 Nxd5 17. Bd4 Bd7 18. Bxd7 Qxd7 19. c4 Nf6 20. Bxf6 Qxd1 21. Rfxd1
gxf6 22. Rab1 $16) 16... Ne4 (16... Bd7 17. Bxd7 Qxd7 18. cxd5 Nxd5 19. c4 $18)
(16... Rb8 $5) 17. cxd5 $1 {Black definitely underestimated this move.} Nc3 (
17... exd5 18. Qd4 Bd7 19. Bxd7 Qxd7 20. Rfd1 $18) 18. d6 Qd8 (18... Nxd1 19.
dxc7 {[%csl Gc7]}) 19. Qg4 Nxb1 20. Rxb1 $18 {[%csl Ga4,Gb1,Ge3,Rf8,Gg4][%cal
Cf7f5,Cf5g4,Rc5c6]} Bd7 21. Rxb7 (21. Bxd7 $142 Qxd7 22. Qe4 Qc6 23. f3 $1 $18)
21... Qa5 $8 22. Rb4 Bxa4 23. Qe4 Rc8 (23... Rd8 24. Bg5 (24. Qb7 h6 25. h3 Kg8
26. c6 Bxc6 27. Qxc6 Qxa3 28. Rd4 $16 {[%csl Gd6]}) 24... Qxc5 (24... Be8 25.
Qb7 f6 26. Qe7+ Kg8 27. Bd2 Qxa3 28. h4 $1 $18) 25. Be7+ Ke8 26. Bxd8 Qxd6 (
26... Bc6 27. d7+ Kxd7 28. Qd3+ Qd6 29. Rd4 Bd5 30. Bg5 $18) 27. Rd4 Qb8 (27...
Bc6 28. Rxd6 Bxe4 29. Bh4) 28. Ba5 $18 {[%csl Re8]}) 24. Qb7 $6 {Instead of
winning on the spot, Dominguez makes his life much more difficult.This move
appears to be a serious inaccuracy which Black failed to exploit.} (24. c6 $142
$5 Bxc6 25. Qxc6 Qd8 26. Qxa6 Rxc2 27. Qa7 $18 {[%csl Gd6]}) 24... Re8 $2 {
A serious error that ruins the game} (24... Qd8 $8 25. Rxa4 $1 Rb8 26. c6 $1
Rxb7 27. cxb7 Ke8 (27... Qxd6 28. Bc5 $1 Qxc5 29. b8=Q+ Ke7 30. Qb7+ Kf6 31.
Rf4+ Kg5 32. Qxf7 $18) 28. Ba7 Kd7 29. b8=Q Qxb8 30. Bxb8 Rxb8 31. Kf1 Rb6 32.
Rg4 $5 g6 33. Rb4 Rc6 34. Rb7+ Kxd6 35. Rxf7 Rxc2 $13) 25. h3 $1 Kg8 26. c6 $18
h6 27. d7 Rf8 (27... Bxc6 $142 28. Qxc6 Rd8 29. Bb6 Qxa3 30. Bxd8 Qxb4 (30...
Qc1+ 31. Kh2 $18) 31. Bc7 Kh7 32. Qxa6 $1 $18) 28. Bb6 Bxc6 29. Bxa5 Bxb7 30.
Rxb7 Kh7 31. c4 {[%cal Rc4c8]} 1-0

[Event "Elgoibar 12th"]
[Site "Elgoibar"]
[Date "2002.12.18"]
[Round "7"]
[White "Korneev, Oleg"]
[Black "Herraiz Hidalgo, Herminio"]
[Result "0-1"]
[WhiteElo "2551"]
[BlackElo "2458"]
[Annotator "Psakhis,L"]
[PlyCount "92"]
[EventDate "2002.12.12"]
[EventType "tourn"]
[EventRounds "9"]
[EventCountry "ESP"]
[EventCategory "9"]
[SourceTitle "CBM 093"]
[Source "ChessBase"]
[SourceDate "2003.04.01"]
[SourceVersion "1"]
[SourceVersionDate "2003.04.01"]
[SourceQuality "1"]

1. e4 e6 2. d4 d5 3. Nc3 Bb4 4. e5 c5 5. a3 Bxc3+ 6. bxc3 Qa5 7. Bd2 Qa4 8. Qb1
{[%cal Gf1b5] Interesting move, but playing this line many times with black I
came to conclusion that} (8. Qg4 $5 {or}) (8. Nf3 $5 {maybe even stronger than
text}) 8... c4 9. Ne2 {[%cal Ge2f4,Gf4h5]} (9. Nf3 Nc6 10. g3 {[%cal Gh2h4,
Gf1h3]}) 9... Nc6 ({Worth considering} 9... f6 $5 {for example} 10. exf6 Nxf6
11. Ng3 O-O 12. Be2 Nc6 13. O-O Bd7 14. Re1 b6 15. Bg5 Rae8 $13 {1/2-1/2
Smirnov,P-Rustemov,A/RUS-ch Krasnodar 2002/ (32)}) 10. Nf4 Nge7 11. Nh5 (11. g3
$5 b6 12. Bg2 Bd7 13. O-O O-O-O 14. Nh5 Rhg8 15. Qb2 Kb7 16. Rae1 Rdf8 17. f4
Ka6 18. g4 Qa5 19. Re2 h6 $14 {1/2-1/2 Fedorov,A-Asrian,K/Bled Olympiad 2002/
The Week in Chess 417 (46)}) 11... Rg8 12. g3 Bd7 13. Bh3 O-O-O 14. O-O Kb8
$146 {[%cal Ge7c8,Gc8b6] Funny, but just this move is a new one.} (14... Rdf8
15. Re1 Kb8 16. Qb2 Nc8 17. Re3 Nb6 18. Rf1 Qa5 19. Qc1 Be8 $13 {Rowson,
J-Motwani,P/SCO-ch Aberdeen 2001/CBM 83 ext/[Rowson]/1-0 (50)}) 15. Qb2 Nc8 16.
f4 (16. Rab1 Nb6) 16... Nb6 17. Rf2 Rdf8 18. Re1 Qa5 {[%cal Gb6a4]} 19. a4 $5
Nxa4 20. Qa3 Nb6 $1 21. Qd6+ {This move may look active, but it just put his
queen to very dangerous position, while not bringing any definite benefits} (
21. Qb2 $1 Na4 $5 22. Qa3 $11) 21... Ka8 {[%csl Rd6]} 22. f5 (22. Nxg7 Rd8 (
22... Nc8 23. Qxd7 Nb8 24. Nxe6 $1 Nxd7 25. Nxf8 Nxf8 26. Bxc8 Ne6 $1 27. Bxe6
fxe6 28. f5 $132) 23. Nh5 Bc8 24. Qc5 Qxc5 25. dxc5 Na4 26. Nf6 Rh8 $15) 22...
Rd8 $1 23. Nf4 ({Maybe Korneev missed in calcultions that after} 23. Bg5 {
Black has nice choice between} Nc8 $1 ({not bad and} 23... Qxc3 24. Re3 Qxd4
25. Bxd8 Rxd8 26. Re1 Bc8 $17) 24. Bxd8 Rxd8 25. Qc5 Qxc3 {[%cal Rb7b6] wil
serious threat 26...b6 and it is mot easy for white queen to escape from
dangerous region.}) 23... exf5 {Appetite comes with eating and Black avoids
already} (23... Nc8 24. Qc5 Qxc5 25. dxc5 exf5 26. Nxd5 Be6 $17) 24. Bg2 Bc8 (
24... Be6 25. Nxe6 (25. Qc5 Qxc5 26. dxc5 Na4 $19) 25... Rxd6 26. Nc7+ Kb8 27.
exd6 Rd8 28. Ne8 $1 {and White still have chances}) 25. Qc5 $8 Qxc5 26. dxc5
Na4 {White just losing some pawns without getting anything for them} 27. Bxd5 (
27. Nxd5 Nxc5 28. Nb4 $5 $17) 27... g5 28. Bxf7 $6 (28. Bxc6 $5 bxc6 29. Nh5
$17) 28... gxf4 29. Bxf4 (29. Bxg8 fxg3 30. hxg3 Rxg8) 29... Nxc5 {[%csl Ge6]}
30. Bxg8 Rxg8 $19 {Black have now and positional and material advanatage and
slowly but surely finished game to his favour} 31. Rd1 Ne4 32. Rf3 Be6 {
[%csl Gc6,Ge4,Ge6]} 33. Re3 a5 34. Ra1 b5 {White must just wait and see how
his opponent improves position- sad destiny!} 35. Ree1 Kb7 36. Red1 Nxc3 (36...
h5 $5) 37. Rd6 Re8 38. h4 b4 {White easily could resign here, but Korneev
fights few more moves.} 39. h5 Ne4 (39... b3 40. cxb3 cxb3 41. Rd2 a4 $19) 40.
Rdd1 Kb6 41. Kg2 Kb5 42. Kf3 Nc3 43. Rdc1 Bd5+ 44. Ke3 a4 45. h6 a3 46. Kd2
Nxe5 0-1